000
00340 a2200157 4500
001
191729
020
_a
978-85-322-8303-0
040
_c
Magnum
100
_a
Hye, Lee Gyeong
240
1
0
_a
La traviata
_l
por
245
1
0
_a
La traviata
300
_a
39
362
0
_a
2012
697
_a
LITERATURA INFANTO-JUVENIL ESTRANGEIRA
942
_c
BK
999
_c
191729
_d
191729